Sports Quiz

Random Sports or Football Quiz
Score 0/278 Timer 10:00
2 Plays Today
Season Name % Correct
1992/93Manchester United
99.6%
1993/94Manchester United
99.6%
1995/96Manchester United
99.6%
1996/97Manchester United
99.6%
1998/99Manchester United
99.6%
1999/00Manchester United
99.6%
2000/01Manchester United
99.6%
2002/03Manchester United
99.6%
2006/07Manchester United
99.6%
2007/08Manchester United
99.6%
2008/09Manchester United
99.6%
2010/11Manchester United
99.6%
2012/13Manchester United
99.6%
2004/05Chelsea
99.3%
2005/06Chelsea
99.3%
2009/10Chelsea
99.3%
2011/12Manchester City
99.3%
2013/14Manchester City
99.3%
2014/15Chelsea
99.3%
2016/17Chelsea
99.3%
2017/18Manchester City
99.3%
2018/19Manchester City
99.3%
1979/80Real Madrid
99.2%
1984/85Barcelona
99.2%
1985/86Real Madrid
99.2%
1986/87Real Madrid
99.2%
1987/88Real Madrid
99.2%
1988/89Real Madrid
99.2%
1989/90Real Madrid
99.2%
1990/91Barcelona
99.2%
1991/92Barcelona
99.2%
1992/93Barcelona
99.2%
1993/94Barcelona
99.2%
1994/95Real Madrid
99.2%
1996/97Real Madrid
99.2%
1997/98Barcelona
99.2%
1998/99Barcelona
99.2%
2000/01Real Madrid
99.2%
2002/03Real Madrid
99.2%
2004/05Barcelona
99.2%
2005/06Barcelona
99.2%
2006/07Real Madrid
99.2%
2007/08Real Madrid
99.2%
2008/09Barcelona
99.2%
2009/10Barcelona
99.2%
2010/11Barcelona
99.2%
2011/12Real Madrid
99.2%
2012/13Barcelona
99.2%
2014/15Barcelona
99.2%
2015/16Barcelona
99.2%
2016/17Real Madrid
99.2%
2017/18Barcelona
99.2%
2018/19Barcelona
99.2%
1980/81Juventus
99.2%
1981/82Juventus
99.2%
1983/84Juventus
99.2%
1985/86Juventus
99.2%
1994/95Juventus
99.2%
1996/97Juventus
99.2%
1997/98Juventus
99.2%
2001/02Juventus
99.2%
2002/03Juventus
99.2%
2011/12Juventus
99.2%
2012/13Juventus
99.2%
2013/14Juventus
99.2%
2014/15Juventus
99.2%
2015/16Juventus
99.2%
2016/17Juventus
99.2%
2017/18Juventus
99.2%
2018/19Juventus
99.2%
1979/80Bayern Munich
99%
2018/19Bayern Munich
99%
1980/81Bayern Munich
99%
1984/85Bayern Munich
99%
1985/86Bayern Munich
99%
1986/87Bayern Munich
99%
1988/89Bayern Munich
99%
1989/90Bayern Munich
99%
1993/94Bayern Munich
99%
1996/97Bayern Munich
99%
1998/99Bayern Munich
99%
1999/00Bayern Munich
99%
2000/01Bayern Munich
99%
2002/03Bayern Munich
99%
2004/05Bayern Munich
99%
2005/06Bayern Munich
99%
2007/08Bayern Munich
99%
2009/10Bayern Munich
99%
2012/13Bayern Munich
99%
2013/14Bayern Munich
99%
2014/15Bayern Munich
99%
2015/16Bayern Munich
99%
2016/17Bayern Munich
99%
Season Name % Correct
2017/18Bayern Munich
99%
1988/89Arsenal
98.8%
1990/91Arsenal
98.8%
1997/98Arsenal
98.8%
2001/02Arsenal
98.8%
2003/04Arsenal
98.8%
1985/86Paris Saint-Germain
98.6%
1993/94Paris Saint-Germain
98.6%
2012/13Paris Saint-Germain
98.6%
2013/14Paris Saint-Germain
98.6%
2014/15Paris Saint-Germain
98.6%
2015/16Paris Saint-Germain
98.6%
2017/18Paris Saint-Germain
98.6%
2018/19Paris Saint-Germain
98.6%
1979/80Ajax
98.5%
1981/82Ajax
98.5%
1982/83Ajax
98.5%
1984/85Ajax
98.5%
1989/90Ajax
98.5%
1993/94Ajax
98.5%
1994/95Ajax
98.5%
1995/96Ajax
98.5%
1997/98Ajax
98.5%
2001/02Ajax
98.5%
2003/04Ajax
98.5%
2010/11Ajax
98.5%
2011/12Ajax
98.5%
2012/13Ajax
98.5%
2013/14Ajax
98.5%
2018/19Ajax
98.5%
1979/80Internazionale
98.4%
1988/89Internazionale
98.4%
2005/06Internazionale
98.4%
2006/07Internazionale
98.4%
2007/08Internazionale
98.4%
2008/09Internazionale
98.4%
2009/10Internazionale
98.4%
1994/95Borussia Dortmund
98.3%
1995/96Borussia Dortmund
98.3%
2001/02Borussia Dortmund
98.3%
2010/11Borussia Dortmund
98.3%
2011/12Borussia Dortmund
98.3%
1987/88AC Milan
98.2%
1991/92AC Milan
98.2%
1992/93AC Milan
98.2%
1993/94AC Milan
98.2%
1995/96AC Milan
98.2%
1998/99AC Milan
98.2%
2003/04AC Milan
98.2%
2010/11AC Milan
98.2%
1984/85Porto
97.5%
1985/86Porto
97.5%
1987/88Porto
97.5%
1989/90Porto
97.5%
1991/92Porto
97.5%
1992/93Porto
97.5%
1994/95Porto
97.5%
1995/96Porto
97.5%
1996/97Porto
97.5%
1997/98Porto
97.5%
1998/99Porto
97.5%
2002/03Porto
97.5%
2003/04Porto
97.5%
2005/06Porto
97.5%
2006/07Porto
97.5%
2007/08Porto
97.5%
2008/09Porto
97.5%
2010/11Porto
97.5%
2011/12Porto
97.5%
2012/13Porto
97.5%
2017/18Porto
97.5%
1995/96Atlético Madrid
97.1%
2013/14Atlético Madrid
97.1%
1985/86PSV
97.1%
1986/87PSV
97.1%
1987/88PSV
97.1%
1988/89PSV
97.1%
1990/91PSV
97.1%
1991/92PSV
97.1%
1996/97PSV
97.1%
1999/00PSV
97.1%
2000/01PSV
97.1%
2002/03PSV
97.1%
2004/05PSV
97.1%
2005/06PSV
97.1%
2006/07PSV
97.1%
2007/08PSV
97.1%
2014/15PSV
97.1%
2015/16PSV
97.1%
2017/18PSV
97.1%
1979/80Liverpool
96.8%
1981/82Liverpool
96.8%
1982/83Liverpool
96.8%
Season Name % Correct
1983/84Liverpool
96.8%
1985/86Liverpool
96.8%
1987/88Liverpool
96.8%
1989/90Liverpool
96.8%
1980/81Benfica
96.5%
1982/83Benfica
96.5%
1983/84Benfica
96.5%
1986/87Benfica
96.5%
1988/89Benfica
96.5%
1990/91Benfica
96.5%
1993/94Benfica
96.5%
2004/05Benfica
96.5%
2009/10Benfica
96.5%
2013/14Benfica
96.5%
2014/15Benfica
96.5%
2015/16Benfica
96.5%
2016/17Benfica
96.5%
2018/19Benfica
96.5%
2001/02Lyon
96%
2002/03Lyon
96%
2003/04Lyon
96%
2004/05Lyon
96%
2005/06Lyon
96%
2006/07Lyon
96%
2007/08Lyon
96%
2015/16Leicester City
95.6%
1981/82AS Monaco
94.9%
1987/88AS Monaco
94.9%
1996/97AS Monaco
94.9%
1999/00AS Monaco
94.9%
2016/17AS Monaco
94.9%
2001/02Valencia
94.5%
2003/04Valencia
94.5%
1979/80Sporting CP
93.9%
1981/82Sporting CP
93.9%
1999/00Sporting CP
93.9%
2001/02Sporting CP
93.9%
1988/89Marseille
93.2%
1989/90Marseille
93.2%
1990/91Marseille
93.2%
1991/92Marseille
93.2%
2009/10Marseille
93.2%
1983/84Feyenoord
93%
1992/93Feyenoord
93%
1998/99Feyenoord
93%
2016/17Feyenoord
93%
1982/83Roma
92.2%
2000/01Roma
92.2%
1999/00Lazio
86.9%
2010/11Lille
85.2%
1986/87Napoli
84%
1989/90Napoli
84%
1994/95Blackburn Rovers
83.9%
2008/09VfL Wolfsburg
82.1%
1991/92Leeds United
78.6%
1984/85Everton
78.3%
1986/87Everton
78.3%
1983/84Bordeaux
78.3%
1984/85Bordeaux
78.3%
1986/87Bordeaux
78.3%
1998/99Bordeaux
78.3%
2008/09Bordeaux
78.3%
1999/00Deportivo La Coruña
76.3%
2011/12Montpellier
75.5%
1987/88Werder Bremen
74.3%
1992/93Werder Bremen
74.3%
2003/04Werder Bremen
74.3%
2009/10FC Twente
74%
1980/81Aston Villa
73.6%
1980/81AZ Alkmaar
72.7%
2008/09AZ Alkmaar
72.7%
1982/83Athletic Bilbao
67.3%
1983/84Athletic Bilbao
67.3%
1981/82Hamburger SV
66.6%
1982/83Hamburger SV
66.6%
1983/84VfB Stuttgart
66.1%
1991/92VfB Stuttgart
66.1%
2006/07VfB Stuttgart
66.1%
1979/80Nantes
64.3%
1982/83Nantes
64.3%
1994/95Nantes
64.3%
2000/01Nantes
64.3%
1990/91Sampdoria
59.3%
1981/82Real Sociedad
50.5%
1990/911. FC Kaiserslautern
49%
1997/981. FC Kaiserslautern
49%
1980/81Saint-Étienne
47.5%
1995/96Auxerre
46.7%
2000/01Boavista
46.6%
1997/98Lens
42.5%
1980/81Real Sociedad
39.1%
1984/85Hellas Verona
31.5%

You're not logged in!

Compare scores with friends on all Sporcle quizzes.
OR
Log In

Sporcle TV

Today on Sporcle TV


Watch our educational content, quiz creation guides, and fun videos on Sporcle TV.

Show Comments

Extras

Top Quizzes Today


Score Distribution

Paid Content

Your Account Isn't Verified!

In order to create a playlist on Sporcle, you need to verify the email address you used during registration. Go to your Sporcle Settings to finish the process.

Report this User

Report this user for behavior that violates our Community Guidelines.

Details: